000 01034nam a2200229 i 4500
001 182911
003 ES-MaACL
005 20250929063301.0
008 131216s1775 fr f |||| | fre d
100 1 _aDemachy, Jacques-François,
_d1728-1803
_9153997
245 1 2 _aL'art du distillateur liquoriste
_b: contenant le bruleur d'eaux-de-vie, le fabriquant de liqueurs, le débitant, ou le cafetier limmonadier /
_cpar M. Demachy.
260 _a[Paris :
_bs.n.,
_c1775]
300 _aX, 198 p. 28 lám. ;
_c44 cm.
490 1 _aDescriptions des arts et métiers faites ou approuvées par Messieurs de l'Académie Royale des Sciences
530 _aDisponible en formato digital.
650 4 _aDestilación-
_vObras anteriores a 1800.
_9153998
650 4 _aLicores-
_vObras anteriores a 1800.
_9153999
830 0 0 _aDescriptions des arts et métiers
_9241750
852 _aES-MaACL
_jR-56
_x Olim: C-10827-70
856 _uhttp://gallica.bnf.fr/ark:/12148/bpt6k10666423?rk=21459;2
_zBNF-Gallica
999 _c182911
_d182911